000 00353nam a2200109Ia 4500
008 171211s9999 xx 000 0 und d
245 _aIntegrated Circuit Authentication
245 _cHassan Salmani, Mohammad Tehranipoor, and Xuehui Zhang
260 _c2013
650 _xINFORMATION TECHNOLOGIES
856 _uhttp://down.ebook777.com/064/3319008153.pdf
999 _c349702
_d349702